<?xml version="1.0" encoding="UTF-8"?><?xml-stylesheet type="text/xsl" href="static/style.xsl"?><OAI-PMH xmlns="http://www.openarchives.org/OAI/2.0/" xmlns:xsi="http://www.w3.org/2001/XMLSchema-instance" xsi:schemaLocation="http://www.openarchives.org/OAI/2.0/ http://www.openarchives.org/OAI/2.0/OAI-PMH.xsd"><responseDate>2026-04-14T18:31:00Z</responseDate><request verb="GetRecord" identifier="oai:uvadoc.uva.es:10324/56366" metadataPrefix="marc">https://uvadoc.uva.es/oai/request</request><GetRecord><record><header><identifier>oai:uvadoc.uva.es:10324/56366</identifier><datestamp>2026-03-16T20:03:14Z</datestamp><setSpec>com_10324_5196</setSpec><setSpec>com_10324_5186</setSpec><setSpec>com_10324_29291</setSpec><setSpec>col_10324_7551</setSpec></header><metadata><record xmlns="http://www.loc.gov/MARC21/slim" xmlns:doc="http://www.lyncode.com/xoai" xmlns:xsi="http://www.w3.org/2001/XMLSchema-instance" xmlns:dcterms="http://purl.org/dc/terms/" xsi:schemaLocation="http://www.loc.gov/MARC21/slim http://www.loc.gov/standards/marcxml/schema/MARC21slim.xsd">
<leader>00925njm 22002777a 4500</leader>
<datafield tag="042" ind1=" " ind2=" ">
<subfield code="a">dc</subfield>
</datafield>
<datafield tag="720" ind1=" " ind2=" ">
<subfield code="a">Misiego Tejeda, Jesús Carlos</subfield>
<subfield code="e">author</subfield>
</datafield>
<datafield tag="720" ind1=" " ind2=" ">
<subfield code="a">Marcos Contreras, Gregorio José</subfield>
<subfield code="e">author</subfield>
</datafield>
<datafield tag="720" ind1=" " ind2=" ">
<subfield code="a">Sarabia Herrero, Francisco Javier</subfield>
<subfield code="e">author</subfield>
</datafield>
<datafield tag="720" ind1=" " ind2=" ">
<subfield code="a">Martín Gil, Jesús</subfield>
<subfield code="e">author</subfield>
</datafield>
<datafield tag="720" ind1=" " ind2=" ">
<subfield code="a">Martín Gil, Francisco Javier</subfield>
<subfield code="e">author</subfield>
</datafield>
<datafield tag="260" ind1=" " ind2=" ">
<subfield code="c">1993</subfield>
</datafield>
<datafield tag="024" ind2=" " ind1="8">
<subfield code="a">Boletín del Seminario de Estudios de Arte y Arqueología: BSAA,1993,N.59,pags.89-111</subfield>
</datafield>
<datafield tag="024" ind2=" " ind1="8">
<subfield code="a">0210-9573</subfield>
</datafield>
<datafield tag="024" ind2=" " ind1="8">
<subfield code="a">https://uvadoc.uva.es/handle/10324/56366</subfield>
</datafield>
<datafield tag="024" ind2=" " ind1="8">
<subfield code="a">89</subfield>
</datafield>
<datafield tag="024" ind2=" " ind1="8">
<subfield code="a">59</subfield>
</datafield>
<datafield tag="024" ind2=" " ind1="8">
<subfield code="a">111</subfield>
</datafield>
<datafield ind1=" " ind2=" " tag="653">
<subfield code="a">Arte</subfield>
</datafield>
<datafield ind1=" " ind2=" " tag="653">
<subfield code="a">Arqueología</subfield>
</datafield>
<datafield tag="245" ind1="0" ind2="0">
<subfield code="a">Un horno doméstico de la primera Edad del Hierro de «El Soto de Medinilla» (Valladolid) y su análisis por ATD</subfield>
</datafield>
</record></metadata></record></GetRecord></OAI-PMH>